000 00503nam a22001817a 4500
005 20260112104421.0
008 260112b |||||||| |||| 00| 0 eng d
020 _a978-93-86235-00-8
100 _aPAL, G. K.
245 _aTEXTBOOK OF PRACTICAL PHYSIOLOGY FOR DENTAL STUDENTS
250 _a2ND ED.
260 _aTELANGANA, INDIA
_bUNIVERSITIES PRESS
_c2017
300 _aXIII,314P.
500 _aINCLUDES INDEX
650 _aPHYSIOLOGICAL PHENOMENA
700 _aPAL, PRAVATI
942 _2lcc
_cBK
999 _c216448
_d216448